| 000 | 00971nam a2200253 a 4500 | ||
|---|---|---|---|
| 001 | 40020 | ||
| 003 | BD-RjUL | ||
| 005 | 20211209053123.0 | ||
| 008 | 160421m20011984bg a|||| b||| 00| 0 ben d | ||
| 020 |
_a8185471746 _c: IRs. 130.00 |
||
| 035 | _a(BD-RjUL)40135 | ||
| 040 |
_aBD-RjUL _bben _cBD-RjUL _dBD-RjUL |
||
| 041 | _aben | ||
| 082 |
_223 _a294.509 _bSEP 2001 |
||
| 100 |
_aসেনগুপ্ত, পল্লব _9123262 |
||
| 245 | 1 | 0 |
_aপূজা-পার্বণের উৎসকথা / _cপল্লব সেনগুপ্ত |
| 250 | _a৩য় সংস্করণ | ||
| 260 |
_aকলকাতা : _bপুস্তক বিপনি, _c২০০১. |
||
| 300 |
_a২৮৮ পৃ. : _bচিত্র ; _c২২ সেমি. |
||
| 504 | _aগ্রন্থপঞ্জি সংযুক্ত | ||
| 650 |
_aহিন্দুধর্ম -- ইতিহাস _9123263 |
||
| 650 |
_aHinduism -- History _9123264 |
||
| 942 |
_2ddc _cBK |
||
| 999 |
_c40020 _d40020 |
||